000 00766nam a22002417a 4500
003 UA-OsUOA
001 48081
007 ta
008 20121121b un ||||| |||| 00| 0 ukr d
100 _aМарунчак М.
090 _a94(477).09
942 _cBK
040 _aUA-OsUOA
_bukr
_cUA-OsUOA
_dUA-OsUOA
245 _aСистема німецьких концтаборів і політика винищування в Україні
300 _a87 с.
955 _a1
041 _aukr
080 _a94(477).09
260 _aВінніпег
_c1963
650 7 _a9 Географія. Біографії. Історія
_2UDC
999 _c428191
_d428191